| 000 | 00714nam a2200217 a 4500 | ||
|---|---|---|---|
| 005 | 20140310183355.0 | ||
| 008 | 120920s19uu xx 00 eng d | ||
| 020 | _a9789719328759 | ||
| 050 |
_aHD 30.28 _b.Es88 2009 |
||
| 100 | _aEstanislao, Jesus P. | ||
| 245 |
_aBreaking through : _bthe road from resolutions to results / _cby Jesus P. Estanislao. |
||
| 260 |
_aMakati City, Philippines : _bInstitute for Solidarity in Asia, _c2009. |
||
| 300 |
_a241 p. _c23 cm. |
||
| 500 | _aIncludes index. | ||
| 521 | _aBSBA | ||
| 650 |
_aStrategic planning _xPhilippines |
||
| 650 |
_aPolitical participation _xPhilippines |
||
| 650 |
_aCorporate governance _xPhilippines |
||
| 942 |
_cBK _2lcc _kLOC |
||
| 999 |
_c22196 _d22196 |
||